000 00568cam a22002291 4500
001 ne 63002452
003 DLC
005 20260227111752.0
008 890620s1961 xx 000 0 ara
010 _ane 63002452
035 _a(OCoLC)23487432
040 _aDLC
_cMiU
_dDLC
042 _apremarc
043 _af-ua---
050 0 0 _aDT107.83
_b.N373
100 1 _aNasser, Gamal Abdel,
_d1918-1970.
245 1 0 _aKhuṭab al-raʼīs.
260 _c[1961. 197]
300 _a111 p.
_c19 cm.
500 _aRomanized.
651 0 _aUnited Arab Republic
_xHistory.
999 _c46463
_d46463